| 000 | 02554cam a2200349 i 4500 | ||
|---|---|---|---|
| 001 | 17780554 | ||
| 003 | EG-ScBUE | ||
| 005 | 20230625121500.0 | ||
| 008 | 130617s2014 nyua f b f001 0 eng d | ||
| 020 | _a9781107664821 | ||
| 040 |
_aDLC _beng _erda _cDLC _dDLC _dEG-ScBUE |
||
| 043 | _ame----- | ||
| 082 | 0 | 4 |
_a909.097492708312 _222 _bCES |
| 100 | 1 |
_aCesari, Jocelyne, _eauthor. _938587 |
|
| 245 | 1 | 4 |
_aThe awakening of Muslim democracy : _breligion, modernity, and the state / _cJocelyne Cesari, Harvard University and Georgetown University. |
| 264 | 1 |
_aNew York : _bCambridge University Press, _c2014. |
|
| 300 |
_axvi, 423 pages : _billustrations ; _c24 cm |
||
| 336 |
_2rdacontent _atext _btxt |
||
| 337 |
_2rdamedia _aunmediated _bn |
||
| 338 |
_2rdacarrier _avolume _bnc |
||
| 504 | _aIncludes bibliographical references and index. | ||
| 520 | _a"Why and how did Islam become such a political force in so many Muslim-majority countries? In this book, Jocelyne Cesari investigates the relationship between modernization, politics, and Islam in Muslim-majority countries such as Egypt, Iraq, Pakistan, Tunisia, and Turkey - countries that were founded by secular rulers and have since undergone secularized politics. Cesari argues that nation-building processes in these states have not created liberal democracies in the Western mold, but have instead spurred the politicization of Islam by turning it into a modern national ideology. Looking closely at examples of Islamic dominance in political modernization - for example, nationalization of Islamic institutions and personnel under state ministries; reliance on Islamic references in political discourse, religiously motivated social unrest, or violence; and internationalization of Islam-aligned political movements or conflicts - this study provides a unique overview of the historical and political developments from the end of World War II to the Arab Spring that have made Islam the dominant force in the construction of the modern states, and discusses Islam's impact on emerging democracies in the contemporary Middle East"-- | ||
| 650 | 7 |
_aMiddle East _xPolitics and government _y1945- _2BUEsh |
|
| 650 | 7 |
_aIslam and politics _zMiddle East _xHistory _y20th century. _2BUEsh |
|
| 650 | 7 |
_aIslam and state _zMiddle East _xHistory _y20th century. _2BUEsh |
|
| 650 | 7 |
_aDemocratization _zMiddle East _xHistory _y20th century. _2BUEsh |
|
| 650 | 7 |
_aArab Spring, 2010- _2BUEsh _932077 |
|
| 651 | _2BUEsh | ||
| 653 |
_bBUSBOL _cOctober2015 _cMay2016 |
||
| 655 | _vReading book | ||
| 942 |
_2ddc _cBB |
||
| 999 |
_c20996 _d20968 |
||